<?xml version="1.0" encoding="UTF-8"?>
<record
    xmlns:xsi="http://www.w3.org/2001/XMLSchema-instance"
    xsi:schemaLocation="http://www.loc.gov/MARC21/slim http://www.loc.gov/standards/marcxml/schema/MARC21slim.xsd"
    xmlns="http://www.loc.gov/MARC21/slim">

  <leader>02764nam a2200361 u 4500</leader>
  <controlfield tag="001">965797</controlfield>
  <controlfield tag="005">20260507072603.0</controlfield>
  <controlfield tag="007">co|||||||</controlfield>
  <controlfield tag="008">060306e20060201                    spa  </controlfield>
  <datafield tag="035" ind1=" " ind2=" ">
    <subfield code="a">965797</subfield>
  </datafield>
  <datafield tag="040" ind1=" " ind2=" ">
    <subfield code="c">comduadb</subfield>
  </datafield>
  <datafield tag="041" ind1=" " ind2=" ">
    <subfield code="a">spa</subfield>
  </datafield>
  <datafield tag="080" ind1=" " ind2=" ">
    <subfield code="a">T/CD</subfield>
  </datafield>
  <datafield tag="082" ind1=" " ind2="4">
    <subfield code="a">362</subfield>
  </datafield>
  <datafield tag="100" ind1="1" ind2="0">
    <subfield code="a">Bedoya Gonzalez, Elizabeth</subfield>
    <subfield code="4">aut</subfield>
    <subfield code="e">aut</subfield>
    <subfield code="9">415503</subfield>
  </datafield>
  <datafield tag="245" ind1="1" ind2="0">
    <subfield code="a">Autoesquemas de los ni&#xF1;os de 8 a 12 anos que ingresan con medida de proteccion y los que han estabo bajo la experiencia institucional por un periodo de un a&#xF1;o en las instituciones de proteccion Nuestro Hogar, Corporacion Hogar y Casa de la Chinca de la ciudad de Medellin</subfield>
  </datafield>
  <datafield tag="260" ind1=" " ind2=" ">
    <subfield code="a">Medell&#xED;n :</subfield>
    <subfield code="b">[sin publicador],</subfield>
    <subfield code="c">2006.</subfield>
  </datafield>
  <datafield tag="300" ind1=" " ind2=" ">
    <subfield code="a">1 CD-ROM</subfield>
  </datafield>
  <datafield tag="520" ind1="3" ind2=" ">
    <subfield code="a">

RESUMEN

En esta investigaci&#xF3;n se pretende establecer las diferencias en los perfiles de  autoesquemas de los ni&#xF1;os entre 8 y 12 a&#xF1;os que ingresan con medida de protecci&#xF3;n y los que se encuentran bajo la experiencia institucional con esta misma medida y llevan un periodo de un a&#xF1;o en las instituciones de protecci&#xF3;n Nuestro Hogar, Corporaci&#xF3;n Hogar y  Casa de la Chinca de la ciudad de Medell&#xED;n.  Para ello se tom&#xF3; una muestra de 26 ni&#xF1;os con caracter&#xED;sticas similares en cuanto a la conformaci&#xF3;n y trato de sus familias, escolaridad, edad y vinculaci&#xF3;n con las instituciones de protecci&#xF3;n vinculadas al ICBF.  Debido a la muestra, se realiz&#xF3; la estandarizaci&#xF3;n de los test CIE y CAE, instrumentos utilizados para la valoraci&#xF3;n de los autoesquemas de los mismos.  Una vez realizada la aplicaci&#xF3;n se obtuvo como resultado que tanto los autoesquemas de los ni&#xF1;os que reci&#xE9;n ingresan como los de los ni&#xF1;os que ya llevan un a&#xF1;o bajo la experiencia institucional se ubican dentro de la media, lo cual lleva a decir que ellos, en relaci&#xF3;n con los ni&#xF1;os no institucionalizados tienen un nivel adecuado en cuanto a la percepci&#xF3;n y sentimientos hacia s&#xED; mismos;  por tanto la diferencia entre sus perfiles no es significativa, lo que podr&#xED;a contrariar un poco con posibles hip&#xF3;tesis que pudiesen hacerse al respecto y lo que deja abiertas interrogantes para un posterior estudio.

 
</subfield>
  </datafield>
  <datafield tag="650" ind1=" " ind2="7">
    <subfield code="a">Desarrollo cognitivo</subfield>
    <subfield code="2">embne</subfield>
    <subfield code="9">1813</subfield>
  </datafield>
  <datafield tag="650" ind1=" " ind2=" ">
    <subfield code="a">Desarrollo del lenguaje</subfield>
    <subfield code="9">45502</subfield>
  </datafield>
  <datafield tag="650" ind1=" " ind2=" ">
    <subfield code="a">Ni&#xF1;os abandonados</subfield>
    <subfield code="9">54034</subfield>
  </datafield>
  <datafield tag="650" ind1=" " ind2=" ">
    <subfield code="a">Infancia - Programas de bienestar social</subfield>
    <subfield code="9">47961</subfield>
  </datafield>
  <datafield tag="650" ind1=" " ind2="7">
    <subfield code="a">Psicolog&#xED;a cognitiva</subfield>
    <subfield code="2">dcs</subfield>
    <subfield code="9">312</subfield>
  </datafield>
  <datafield tag="650" ind1=" " ind2=" ">
    <subfield code="a">Corporacion Hogar y Casa de la Chinca (Medellin)</subfield>
    <subfield code="9">155897</subfield>
  </datafield>
  <datafield tag="650" ind1=" " ind2=" ">
    <subfield code="a">Autoestima en adolescentes</subfield>
    <subfield code="9">74815</subfield>
  </datafield>
  <datafield tag="650" ind1=" " ind2="7">
    <subfield code="a">Abuso del ni&#xF1;o</subfield>
    <subfield code="2">lemb</subfield>
    <subfield code="9">222725</subfield>
  </datafield>
  <datafield tag="700" ind1="1" ind2="0">
    <subfield code="a">Medina Vargas, Luisa Fernanda</subfield>
    <subfield code="4">aut</subfield>
    <subfield code="e">aut</subfield>
    <subfield code="9">418299</subfield>
  </datafield>
  <datafield tag="700" ind1="1" ind2="0">
    <subfield code="a">Salazar Vel&#xE1;squez, Javier Ignacio</subfield>
    <subfield code="4">ths</subfield>
    <subfield code="e">ths</subfield>
    <subfield code="9">310525</subfield>
  </datafield>
  <datafield tag="942" ind1=" " ind2=" ">
    <subfield code="c">TESIS</subfield>
  </datafield>
  <datafield tag="999" ind1=" " ind2=" ">
    <subfield code="c">380258</subfield>
    <subfield code="d">380258</subfield>
  </datafield>
  <datafield tag="502" ind1=" " ind2=" ">
    <subfield code="b">105</subfield>
    <subfield code="c">12</subfield>
  </datafield>
  <datafield tag="526" ind1=" " ind2=" ">
    <subfield code="a">106</subfield>
  </datafield>
  <datafield tag="952" ind1=" " ind2=" ">
    <subfield code="0">0</subfield>
    <subfield code="1">0</subfield>
    <subfield code="4">0</subfield>
    <subfield code="7">0</subfield>
    <subfield code="8">TESDIGBC</subfield>
    <subfield code="a">BC</subfield>
    <subfield code="b">BC</subfield>
    <subfield code="d">2006-03-06</subfield>
    <subfield code="e">Material adquirido por donaci&#xF3;n</subfield>
    <subfield code="i">C897440</subfield>
    <subfield code="l">0</subfield>
    <subfield code="o">362.5 B412 CD-ROM</subfield>
    <subfield code="p">0587920</subfield>
    <subfield code="r">2023-04-26 00:00:00</subfield>
    <subfield code="t">1</subfield>
    <subfield code="w">2023-04-26</subfield>
    <subfield code="y">DIGITAL</subfield>
  </datafield>
  <datafield tag="952" ind1=" " ind2=" ">
    <subfield code="0">0</subfield>
    <subfield code="1">0</subfield>
    <subfield code="4">0</subfield>
    <subfield code="7">0</subfield>
    <subfield code="8">DIGITAL</subfield>
    <subfield code="a">CISH</subfield>
    <subfield code="b">CISH</subfield>
    <subfield code="d">2006-10-05</subfield>
    <subfield code="i">C923995</subfield>
    <subfield code="l">0</subfield>
    <subfield code="o">T/CD-05981</subfield>
    <subfield code="p">0618317</subfield>
    <subfield code="r">2023-04-26 00:00:00</subfield>
    <subfield code="t">2</subfield>
    <subfield code="w">2023-04-26</subfield>
    <subfield code="y">DIGITAL</subfield>
  </datafield>
</record>
